000 00601nam a2200193 4500
001 117067
003 ES-MaACL
005 20230906190825.0
007 t|
008 071121s1934 sp r ||||1| spa d
100 1 _aPeña, Alfonso de la.
_990203
245 1 3 _aLa próstata y sus enfermedades /
_cpor Alfonso de la Peña.
260 _aMadrid :
_b[s.n.],
_c1934 (
_fImp. Rot)
300 _a118 p. :
_bil. ;
_c18 cm.
490 1 _aBiblioteca de divulgación médica ;
_v12
830 0 _aBiblioteca de divulgación médica ;
_v12
_9233338
852 _aES-MaACL
_jA-4246
999 _c117067
_d117067